[Event "Bucharest Gaudeamus Cup 3rd"]
[Site "Bucharest"]
[Date "2011.06.18"]
[Round "3"]
[White "Bujor, Daniel"]
[Black "Gorunescu, Nicolae Gabriel"]
[Result "1/2-1/2"]
[WhiteElo "1902"]
[BlackElo "1688"]
[PlyCount "85"]
[EventDate "2011.06.17"]
[EventType "swiss"]
[EventRounds "5"]
[EventCountry "ROU"]
[SourceTitle "CBM 143 Extra"]
[Source "ChessBase"]
[SourceDate "2011.08.29"]
[SourceVersion "1"]
[SourceVersionDate "2011.08.29"]
[SourceQuality "1"]

1. e4 c5 2. d4 cxd4 3. c3 dxc3 4. Nxc3 Nc6 5. Nf3 g6 6. Bc4 Bg7 7. e5 Nxe5 8. Nxe5 Bxe5 9. Bxf7+ Kxf7 10. Qd5+ Kg7 11. Qxe5+ Nf6 12. 0-0 d6 13. Qf4 Rf8 14. Qh4 Rf7 15. b3 b6 16. Bb2 Bb7 17. Rfe1 Kg8 18. Rad1 Qd7 19. f3 a6 20. Na4 Qc7 21. Rc1 Bc6 22. Bxf6 exf6 23. Qc4 b5 24. Qxc6 Qxc6 25. Rxc6 bxa4 26. Rxd6 axb3 27. axb3 Rb8 28. Ree6 Kg7 29. Rb6 Rxb6 30. Rxb6 a5 31. Kf2 Ra7 32. g4 g5 33. Rd6 a4 34. bxa4 Rxa4 35. Rd7+ Kg6 36. Kg3 h5 37. gxh5+ Kxh5 38. Rf7 Kg6 39. Re7 Kh5 40. Rb7 Kg6 41. Rb3 Rc4 42. Re3 Kh5 43. h3 1/2-1/2

[Event "Bucharest Gaudeamus Cup 3rd"]
[Site "Bucharest"]
[Date "2011.06.17"]
[Round "1"]
[White "Gorunescu, Nicolae Gabriel"]
[Black "Stanciu, Adrian"]
[Result "1/2-1/2"]
[WhiteElo "1688"]
[BlackElo "1988"]
[PlyCount "67"]
[EventDate "2011.06.17"]
[EventType "swiss"]
[EventRounds "5"]
[EventCountry "ROU"]
[SourceTitle "CBM 143 Extra"]
[Source "ChessBase"]
[SourceDate "2011.08.29"]
[SourceVersion "1"]
[SourceVersionDate "2011.08.29"]
[SourceQuality "1"]

1. d4 Nf6 2. Nf3 b6 3. e3 e6 4. Bd3 Ba6 5. Nbd2 Bxd3 6. cxd3 d5 7. 0-0 Nbd7 8. b3 c5 9. Bb2 cxd4 10. Bxd4 Bd6 11. e4 e5 12. Bb2 0-0 13. exd5 Nxd5 14. Nc4 Qe7 15. Re1 f6 16. Nd4 Bc5 17. Nf5 Qf7 18. Qg4 Qg6 19. Qxg6 hxg6 20. Nfd6 Nb4 21. Red1 Bxd6 22. Nxd6 Nc5 23. d4 exd4 24. Bxd4 Nc2 25. Rac1 Nxd4 26. Rxd4 Rfd8 27. Rcd1 Ne6 28. R4d2 Kf8 29. Kf1 Rd7 30. Nb5 Rxd2 31. Rxd2 a6 32. Nd4 Nxd4 33. Rxd4 Ke7 34. Ke2 1/2-1/2

[Event "Bucharest Gaudeamus Cup 1st"]
[Site "Bucharest"]
[Date "2011.03.26"]
[Round "3"]
[White "Barbu, George Emilian"]
[Black "Gorunescu, Nicolae Gabriel"]
[Result "1-0"]
[WhiteElo "1940"]
[BlackElo "1703"]
[PlyCount "53"]
[EventDate "2011.03.25"]
[EventType "swiss"]
[EventRounds "5"]
[EventCountry "ROU"]
[SourceTitle "CBM 141 Extra"]
[Source "ChessBase"]
[SourceDate "2011.05.03"]
[SourceVersion "1"]
[SourceVersionDate "2011.05.03"]
[SourceQuality "1"]

1. e4 c5 2. Nf3 d6 3. d4 cxd4 4. Nxd4 Nf6 5. Nc3 Nc6 6. Bc4 Bd7 7. Bg5 Nxd4 8. Qxd4 e5 9. Qd2 Bc6 10. Bxf6 Qxf6 11. Nd5 Qd8 12. 0-0-0 Rc8 13. f4 a6 14. Rhf1 f6 15. Bb3 a5 16. Qe2 Bxd5 17. Bxd5 Qb6 18. Qh5+ g6 19. Qh3 Rd8 20. Qe6+ Be7 21. Qf7+ Kd7 22. Be6+ Kc7 23. Qxe7+ Kb8 24. Bd5 Rc8 25. Rf3 Rc7 26. Qxf6 a4 27. Qxh8+ 1-0